La conservación de los suelos en las empresas de producción agropecuaria. Un costo oculto (Registro nro. 9174)

Detalles MARC
000 -LEADER
fixed length control field 00402 a2200121 4500
001 - CONTROL NUMBER
control field ART_7721
005 - DATE AND TIME OF LATEST TRANSACTION
control field 20260410161555.0
008 - FIXED-LENGTH DATA ELEMENTS--GENERAL INFORMATION
fixed length control field 260409a
100 1# - MAIN ENTRY--PERSONAL NAME
Personal name Díaz, Teresa
245 10 - TITLE STATEMENT
Title La conservación de los suelos en las empresas de producción agropecuaria. Un costo oculto
700 1# - ADDED ENTRY--PERSONAL NAME
Personal name Jaime, Diego
773 0# - HOST ITEM ENTRY
Title Profesional & Empresaria
Related parts - Año X, Nº 109 (oct. 2008)
Record control number REV70

No hay ítems disponibles.